000
00323nam a2200121Ia 4500
008
171205s9999 xx 000 0 und d
020
_a
9780128042502
100
_a
Siegel, Andrew F.
245
_c
Andrew F. Siegel
_a
Practical Business Statistics
250
_a
7th ed.
260
_b
Elsevier Inc
_c
2016
300
_a
622 pages
999
_c
347439
_d
347439